00285nam a2200097Ia 4500082002400000245004900024260004300073300001500116504000800131650004800139 aRR 005.7420952 DIR; 0aDirectory of Japanese databases in 1998/1999 aTokyobDatabase Promotion Centerc1998 aiii, 313p. aref aJapan - Databases - Directories - 1998-1999